2007 pre-budget report and comprehensive spending review (Record no. 107544)
[ view plain ]
| 000 -LEADER | |
|---|---|
| fixed length control field | 01696cad a22002295a 4500 |
| 001 - CONTROL NUMBER | |
| control field | L140815 |
| 008 - FIXED-LENGTH DATA ELEMENTS--GENERAL INFORMATION | |
| fixed length control field | 071012e20071009xxkd f s f000 0 eng d |
| 035 ## - SYSTEM CONTROL NUMBER | |
| System control number | (Sirsi) u140815 |
| 041 0# - LANGUAGE CODE | |
| Language code of text/sound track or separate title | eng |
| 050 04 - LIBRARY OF CONGRESS CALL NUMBER | |
| Classification number | 352.4941 $2 18 |
| 110 1# - MAIN ENTRY--CORPORATE NAME | |
| Corporate name or jurisdiction name as entry element | United Kingdom |
| Subordinate unit | HM Treasury |
| 245 00 - TITLE STATEMENT | |
| Title | 2007 pre-budget report and comprehensive spending review |
| Remainder of title | meeting the aspirations of the British people |
| Medium | [electronic resource] |
| 260 ## - PUBLICATION, DISTRIBUTION, ETC. | |
| Place of publication, distribution, etc. | London |
| Name of publisher, distributor, etc. | TSO |
| Date of publication, distribution, etc. | 2007 |
| 505 2# - FORMATTED CONTENTS NOTE | |
| Formatted contents note | Overview -- Maintaining macroeconomic stability -- Transforming public services -- Sustainable growth and prosperity -- Fairness and opportunity for all -- Stronger communities and a better quality of life -- A more secure, fair and environmentally sustainable world |
| 520 ## - SUMMARY, ETC. | |
| Summary, etc. | Details the UK Government's tax and spending plans for the 2007 budget. Includes details on how the Government will meet its fiscal rules to maintain macroeconomic stability. Spending on public services is to be increased by 2.1% in real terms in order to improve frontline services, provide national protection and promote cultural events such as the 2012 Olympics. High rates of economic growth are to be sustained by improving the national skills base. Long-term housing supply and affordability are targets for sustainable increase, particularly improvements to the energy efficiency of homes. Other environmental targets are detailed. |
| 590 ## - LOCAL NOTE (RLIN) | |
| Local note | KA |
| 650 24 - SUBJECT ADDED ENTRY--TOPICAL TERM | |
| Topical term or geographic name entry element | PLANNING GAIN SUPPLEMENT |
| 651 #4 - SUBJECT ADDED ENTRY--GEOGRAPHIC NAME | |
| Geographic name | England and Wales |
| Chronological subdivision | 1543- |
| 690 ## - LOCAL SUBJECT ADDED ENTRY--TOPICAL TERM (OCLC, RLIN) | |
| Topical term or geographic name as entry element | MANAGEMENT-BUSINESS MANAGEMENT-FINANCIAL MANAGEMENT |
| 856 40 - ELECTRONIC LOCATION AND ACCESS | |
| Uniform Resource Identifier | <a href="https://www.hm-treasury.gov.uk/pbr_csr/pbr_csr07_index.cfm">https://www.hm-treasury.gov.uk/pbr_csr/pbr_csr07_index.cfm</a> |
| Hours access method available | View the report free of charge at www.hm-treasury.gov.uk... |
| 942 ## - ADDED ENTRY ELEMENTS (KOHA) | |
| Suppress in OPAC | 0 |
| Withdrawn status | Lost status | Source of classification or shelving scheme | Damaged status | Not for loan | Home library | Current library | Shelving location | Date acquired | Total Checkouts | Full call number | Barcode | Date last seen | Copy number | Price effective from | Koha item type |
|---|---|---|---|---|---|---|---|---|---|---|---|---|---|---|---|
| Dewey Decimal Classification | Virtual | Virtual | Online | 12/10/2007 | ONLINE PUBLICATION | 140815-1001 | 06/08/2019 | 1 | 06/08/2019 | Book |